| 000 | 00417nam a2200145Ia 4500 | ||
|---|---|---|---|
| 005 | 20250729165806.0 | ||
| 008 | 250729s2014 xx 000 0 und d | ||
| 041 | _aeng | ||
| 082 | _a320.25 ROOS | ||
| 100 |
_aRoopa Maria _9233117 |
||
| 245 | _aSelf instructional Matheods on Developing Right to Education | ||
| 260 |
_aMangalore _bSt Ann's College of Education _c2014 |
||
| 300 | _a60p | ||
| 650 |
_aEducation _9233118 |
||
| 999 |
_c240121 _d240121 |
||